=LDR 00000nam 2200000 4500 =001 INLIS000000000027939 =005 20130612130258 =008 ***********************************Ind** =035 ##$$0010-061300000027939 =041 ##$$a Ind =082 ##$$a 657.48 =090 ##$$a 657.48, Tan p =100 ##$$a Tanujaya, Edward =245 ##$$a Praktikum akuntansi keuangan lanjutan 1, kertas kerja, Edward Tanujaya ; editor, Krista =260 ##$$a 2007 $b Jakarta =300 ##$$a iv, 84 hlm, ilus, 26 cm =650 ##$$a Akuntansi Keuangan =850 ##$$a NBPNMAT